000 00449nam a2200181Ia 4500
001 17737
005 20260306171539.0
008 260306s9999||||xx |||||||||||||| ||und||
041 _aESP
082 _a658.15
_bS55
100 _aSilva Peredo, María Luisa
_eAUT
245 0 _aSistema integrado de administración financiera
260 _c2007
300 _a406 páginas :
_ccm.
650 _aGEN
654 _aCAN
942 _cLIB
_dJUS
_fJUS
_2ddc
_n
999 _c17737
_d17737